01698nam a2200445 i 450000100060000000300080000600500170001400600190003100700150005000800410006502000270010602000250013303500220015804000310018005000240021108000110023508000160024608000140026208200160027610000340029224501790032626400590050526400110056430000880057533600310066333700330069433800430072749000180077050400390078858800830082765000320091065000620094265000320100465500270103670000460106370000260110970000350113583000190117085600630118927549FINmELB20241216220005.0m o u cr cn|||||||||230211s2022 sp a ob 000 0 spa d a9788427729261qdigital z9788427729254qpapel a(OCoLC)1373951590 aFINmELBbspaerdacFINmELB 4aLB1028.5bC747 2022 a077:37 a378.147.157 a004.774.104a371.3342231 aCrespo-Ramos, Samuel,eautor.10aInnovación educativa y redes sociales :ben la formación universitaria /cSamuel Crespo-Ramos, Juan Agustín Morón-Marchena, David Cobos-Sanchiz, Eloy López-Meneses. 1aMadrid. España :bNarcea, S.A. de Ediciones,c[2022] 4c©2022 a1 recurso en línea :bilustraciones (blanco y negro), gráficos (blanco y negro) atextobtxt2rdacontent/spa acomputadorabc2rdamedia/spa arecurso en líneabcr2rdacarrier/spa1 aUniversitaria aBibliografía: páginas 131-139. aDescripción basada en metadatos suministrados por el editor y otras fuentes. 4aInternet en la enseñanza. 4aEnseñanza superiorxEnseñanza asistida por ordenador. 4aRedes sociales en Internet. 4aLibros electrónicos.1 aMorón Marchena, Juan Agustín,eautor.1 aCobos, David,eautor.1 aLópez Meneses, Eloy,eautor. 0aUniversitaria.40uhttps://elibro.net/ereader/politecnicointernacional/219653